书目信息 |
| 题名: |
四级英语关键词循环速记手抄本
|
|
| 作者: | 宋德伟 编著 | |
| 分册: | ||
| 出版信息: | 北京 中国水利水电出版社 2008.07 |
|
| 页数: | 320页 | |
| 开本: | 26cm | |
| 丛书名: | 新版1小时熟记100单词丛书 | |
| 单 册: | ||
| 中图分类: | H313.1 | |
| 科图分类: | ||
| 主题词: | 英语--ying yu--词汇--记忆术--高等学校--教学参考资料 | |
| 电子资源: | ||
| ISBN: | 978-7-5084-5723-9 | |
| 000 | 00997nam 2200253 450 | |
| 001 | 012009378104 | |
| 005 | 20091016150716.90 | |
| 010 | @a978-7-5084-5723-9@dCNY35.00 | |
| 100 | @a20091016d2008 em y0chiy0120 ea | |
| 101 | 0 | @achi@aeng |
| 102 | @aCN@b110000 | |
| 105 | @ay z 000yy | |
| 106 | @ar | |
| 200 | 1 | @a四级英语关键词循环速记手抄本@Asi ji ying yu guan jian ci xun huan su ji shou chao ben@f宋德伟等编著@Fsong de wei deng bian zhu |
| 210 | @a北京@c中国水利水电出版社@d2008.07 | |
| 215 | @a320页@d26cm | |
| 225 | 2 | @a新版1小时熟记100单词丛书@Axin ban 1 xiao shi shou ji 100 dan ci cong shu |
| 330 | @a本书精选了1920个英语专业四级考试的关键词汇,以96个单词为一个练习单元,总共分为20个单元。每个单元中的单词均按照循环的核心规律编排。 | |
| 410 | 0 | @12001 @a新版1小时熟记100单词丛书 |
| 606 | 0 | @a英语@Aying yu@x词汇@x记忆术@x高等学校@j教学参考资料 |
| 690 | @aH313.1@v4 | |
| 701 | 0 | @a宋德伟@Asong de wei@4编著 |
| 801 | 0 | @aCN@bQSSK@c20091016 |
| 905 | @b763940-44@dH313.1@eS763@f5 | |
| 四级英语关键词循环速记手抄本/宋德伟等编著.-北京:中国水利水电出版社,2008.07 |
| 320页;26cm.-(新版1小时熟记100单词丛书) |
| ISBN 978-7-5084-5723-9:CNY35.00 |
| 本书精选了1920个英语专业四级考试的关键词汇,以96个单词为一个练习单元,总共分为20个单元。每个单元中的单词均按照循环的核心规律编排。 |
| ● |
| 相关链接 |
|
|
|
正题名:四级英语关键词循环速记手抄本
索取号:H313.1/S763
 
预约/预借
| 序号 | 登录号 | 条形码 | 馆藏地/架位号 | 状态 | 备注 |
| 1 | 469954 | 204699549 | 语言库209/209语言库 3排2列1层/ [索取号:H313.1/S763] | 在馆 | |
| 2 | 763940 | 207639402 | 语言库209/209语言库 3排2列1层/ [索取号:H313.1/S763] | 在馆 | |
| 3 | 763941 | 207639411 | 语言库209/209语言库 3排2列1层/ [索取号:H313.1/S763] | 在馆 | |
| 4 | 763942 | 207639420 | 语言库209/209语言库 3排2列1层/ [索取号:H313.1/S763] | 在馆 | |
| 5 | 763943 | 207639439 | 语言库209/209语言库 3排2列1层/ [索取号:H313.1/S763] | 在馆 | |
| 6 | 763944 | 207639448 | 语言库209/209语言库 3排2列1层/ [索取号:H313.1/S763] | 在馆 |